000
00391nam a2200145Ia 4500
008
100204s9999 xx 000 0 und d
082
_b
7760
100
_a
कदम राजा
245
_a
घनदाट
260
_b
"दिलिप प्रकाशन , मुंबई"
_c
1985
300
_a
211
630
_a
घनदाट
730
_a
घनदाट
942
_c
BOOK
999
_c
452196
_d
452193